000 00511nam a2200181 4500
001 20590
005 20230410121153.0
008 060907n2004 dr spa
020 _a0745633528
035 _9funglode20742
041 _aEN
050 1 4 _aJZ 1305 H474g 2004
100 _aHeld, David
245 1 _aGlobal covenant :
_bthe social democratic alternative to the Washington consensus /
_cDavid Held
260 _aCambridge :
_bPolity Pres,
_c2004
300 _axxi, 201 p.
942 _2lcc
_cbk
999 _c59358
_d59358